Влияние противопожарных разрывов на распространение лесных пожаров; Ресурсосберегающие технологии в контроле, управлении качеством и безопасности

Bibliographische Detailangaben
Parent link:Ресурсосберегающие технологии в контроле, управлении качеством и безопасности.— 2023.— С. 24-27
1. Verfasser: Белькова Т. А. Татьяна Анатольевна
Weitere Verfasser: Цогзол Хурэлбаатар
Zusammenfassung:Заглавие с экрана
В статье описана физическая и математическая постановка задачи о распространении лесного пожара с учетом наличия противопожарных разрывов. В работе использовался метод контрольного объема. Проведено математическое моделирование процесса горения и определен оптимальный размер противопожарной полосы. Определена взаимосвязь между запасом лесного горючего материала и влажностью, скоростью ветра и минимальными размерами противопожарных разрывов для эффективного контроля распространения горения
The article describes the physical and mathematical formulation of the problem of the spread of forest fires, taking into account the presence of fire gaps. The control volume method was used in the work. Mathematical modeling of the combustion process was carried out, and the optimal sizes of fire breaks were determined. The relationship between the reserve and moisture content of forest fuel, wind speed and the minimum size of fire breaks for effective control of the spread of combustion is determined
Текстовый файл
Sprache:Russisch
Veröffentlicht: 2023
Schlagworte:
Online-Zugang:http://earchive.tpu.ru/handle/11683/74679
Format: Elektronisch Buchkapitel
KOHA link:https://koha.lib.tpu.ru/cgi-bin/koha/opac-detail.pl?biblionumber=635516

MARC

LEADER 00000naa2a2200000 4500
001 635516
005 20260305162038.0
035 |a (RuTPU)RU\TPU\conf\37370 
035 |a RU\TPU\conf\37369 
090 |a 635516 
100 |a 20230213d2023 k y0rusy50 ca 
101 0 |a rus 
102 |a RU 
135 |a drcn ---uucaa 
181 0 |a i   |b  e  
182 0 |a b 
183 0 |a cr  |2 RDAcarrier 
200 1 |a Влияние противопожарных разрывов на распространение лесных пожаров  |d The effect of the fire breaks on the spread of forest fires  |f Т. А. Белькова, Цогзол Хурэлбаатар 
203 |a Текст  |c электронный  |b визуальный 
283 |a online_resource  |2 RDAcarrier 
300 |a Заглавие с экрана 
320 |a Библиогр.: с. 27 (6 назв.) 
330 |a В статье описана физическая и математическая постановка задачи о распространении лесного пожара с учетом наличия противопожарных разрывов. В работе использовался метод контрольного объема. Проведено математическое моделирование процесса горения и определен оптимальный размер противопожарной полосы. Определена взаимосвязь между запасом лесного горючего материала и влажностью, скоростью ветра и минимальными размерами противопожарных разрывов для эффективного контроля распространения горения 
330 |a The article describes the physical and mathematical formulation of the problem of the spread of forest fires, taking into account the presence of fire gaps. The control volume method was used in the work. Mathematical modeling of the combustion process was carried out, and the optimal sizes of fire breaks were determined. The relationship between the reserve and moisture content of forest fuel, wind speed and the minimum size of fire breaks for effective control of the spread of combustion is determined 
336 |a Текстовый файл 
463 1 |0 (RuTPU)RU\TPU\conf\37367  |t Ресурсосберегающие технологии в контроле, управлении качеством и безопасности  |o сборник научных трудов XI Международной конференции школьников, студентов, аспирантов, молодых ученых "Ресурсоэффективные системы в управлении и контроле: взгляд в будущее", 08-10 ноября 2022 г., г. Томск  |f Национальный исследовательский Томский политехнический университет (ТПУ)  |v С. 24-27  |d 2023 
510 1 |a The effect of the fire breaks on the spread of forest fires  |z eng 
610 1 |a электронный ресурс 
610 1 |a труды учёных ТПУ 
610 1 |a лесные пожары 
610 1 |a горение 
610 1 |a математическое моделирование 
610 1 |a противопожарные разрывы 
610 1 |a методы контрольных объемов 
610 1 |a forest fire 
610 1 |a combustion 
610 1 |a mathematical modeling 
610 1 |a fire break 
610 1 |a control volume method 
700 1 |a Белькова  |b Т. А.  |c специалист в области экологии и безопасности жизнедеятельности  |c aссистент Томского политехнического университета  |f 1991-  |g Татьяна Анатольевна  |9 23025 
701 0 |a Цогзол Хурэлбаатар 
801 2 |a RU  |b 63413507  |c 20230221  |g RCR 
856 4 0 |u http://earchive.tpu.ru/handle/11683/74679  |z http://earchive.tpu.ru/handle/11683/74679 
942 |c CF